000 00535nam a22001817a 4500
005 20251108164936.0
008 250721s1995 xx 000 0 ara d
082 1 4 _a658/احم
100 1 _aماهر، أحمد
245 1 0 _aالسلوك التنظيمي :
_bمدخل بناء المهارات /
250 _aط5.، مزيدة و منقحة
264 1 _aالقاهرة :
_bالمؤلف،
_c1995.
300 _a398ص
650 1 7 _aالإدارة
650 1 7 _aتقنيات الإدارة
942 _2ddc
_cBK
999 _c18001
_d18001